| 000 | 01885nam a2200457Ii 4500 | ||
|---|---|---|---|
| 001 | DIGABYALA0245 | ||
| 003 | NyNyDIG | ||
| 006 | m o d | ||
| 007 | cr ||||||||||| | ||
| 008 | 220915s2019 ec a ob 000 0 spa d | ||
| 035 | _a(OCoLC)1350509655 | ||
| 040 |
_aDGITA _beng _erda _epn _cDGITA |
||
| 020 |
_z9789978199572 _qUniversidad Andina Simón Bolívar |
||
| 020 |
_z9789942096524 _qAbya Yala |
||
| 043 | _as-ec--- | ||
| 050 | 1 | 4 | _aPQ8208 ebook |
| 100 | 1 |
_aHandelsman, Michael H., _d1948- _eauthor. |
|
| 245 | 1 | 0 |
_aRepresentaciones de lo afro y su recepción en Ecuador : _bencuentros y desencuentros en tensión / _cMichael Handelsman. |
| 264 | 1 |
_aQuito : _bUniversidad Andina Simón Bolívar, Ecuador : _bAbya Yala, _c[2019] |
|
| 300 |
_a1 online resource : _billustrations. |
||
| 336 |
_atext _btxt _2rdacontent |
||
| 337 |
_acomputer _bc _2rdamedia |
||
| 338 |
_aonline resource _bcr _2rdacarrier |
||
| 347 |
_atext file _2rdaft |
||
| 347 | _bPDF | ||
| 490 | 1 | _aCátedra estudios afro-andinos | |
| 504 | _aIncludes bibliographical references. | ||
| 588 | 0 | _aOnline resource; title from PDF title page (Digitalia, viewed September 15, 2022) | |
| 650 | 0 | _aRacism in literature. | |
| 650 | 0 | _aBlack people in literature. | |
| 650 | 0 | _aLiterature and race. | |
| 650 | 0 | _aEcuadorian literature. | |
| 655 | 0 | _aElectronic books. | |
| 791 | 2 |
_aDigitalia (Firm), _edistributor. |
|
| 793 | 0 |
_gDigitalia eBook Collection: _aEdiciones Abya-Yala |
|
| 776 | 0 | 8 |
_iPrint version: _aHandelsman, Michael H., 1948- _tRepresentaciones de lo afro y su recepción en Ecuador. _bPrimera edición. _dQuito : Universidad Andina Simón Bolívar, Ecuador : Abya Yala, 2019 _z9789978199572 |
| 830 | 0 | _aCátedra estudios afro-andinos. | |
| 856 | 4 | 0 |
_3Digitalia Hispánica _uhttps://www.digitaliapublishing.com/a/107846/ |
| 910 | _aPremium collection: 2022 | ||
| 942 | _cRAA | ||
| 999 |
_c271687 _d271687 |
||